[Event "Kup SS CS 2014"]
[Site "?"]
[Date "2014.05.03"]
[Round "7.9"]
[White "Popovic, Djordje D"]
[Black "Zivkovic, Dejan"]
[Result "1/2-1/2"]
[WhiteElo "2210"]
[BlackElo "2264"]
[PlyCount "82"]
[EventDate "2014.03.23"]

1. d4 Nf6 2. c4 g6 3. Nc3 d5 4. cxd5 Nxd5 5. e4 Nxc3 6. bxc3 Bg7 7. Nf3 O-O 8.
Be2 c5 9. Rb1 Nc6 10. d5 Bxc3+ 11. Bd2 Bxd2+ 12. Qxd2 Nd4 13. Nxd4 cxd4 14.
Qxd4 Qa5+ 15. Qd2 Qxd2+ 16. Kxd2 Rd8 17. Ke3 Rb8 18. Rhc1 Kf8 19. Rc7 Rd7 20.
Rxd7 Bxd7 21. Ba6 Bc8 22. Bb5 b6 23. a4 Bb7 24. Rc1 Rc8 25. Rxc8+ Bxc8 26. Bc6
e5 27. h4 Ke7 28. f3 Kd6 29. g4 f5 30. gxf5 gxf5 31. f4 fxe4 32. Kxe4 exf4 33.
Kxf4 Bd7 34. Bxd7 Kxd7 35. Ke5 a6 36. h5 b5 37. axb5 axb5 38. Kd4 Kd6 39. h6 b4
40. Kc4 b3 41. Kxb3 Kxd5 1/2-1/2

[Event "Kup SS CS 2014"]
[Site "?"]
[Date "2014.05.03"]
[Round "7.9"]
[White "Nenadovic, Ljubisa"]
[Black "Stefanovic, Vladimir"]
[Result "0-1"]
[WhiteElo "2186"]
[BlackElo "2201"]
[PlyCount "122"]
[EventDate "2014.03.23"]

1. d4 Nf6 2. c4 c5 3. d5 b5 4. a4 b4 5. b3 g6 6. Bb2 Bg7 7. Nd2 O-O 8. e4 d6 9.
Bd3 e5 10. dxe6 fxe6 11. Qc2 Nc6 12. Ne2 e5 13. O-O Nh5 14. Rae1 Bh6 15. Bc1
Bg4 16. f3 Be6 17. Nb1 Nf4 18. Bxf4 Bxf4 19. Nxf4 Rxf4 20. g3 Rf7 21. Rf2 Nd4
22. Qd1 Qg5 23. Bf1 Raf8 24. Bg2 h5 25. Qd2 Qe7 26. Qe3 h4 27. Ref1 g5 28. Nd2
hxg3 29. hxg3 Qf6 30. Bh1 Bh3 31. Bg2 Rh7 32. f4 gxf4 33. gxf4 Qh6 34. Qxh3
Qxh3 35. Bxh3 Rxh3 36. fxe5 Rxf2 37. Rxf2 dxe5 38. Kg2 Re3 39. Kf1 Kg7 40. a5
Nxb3 41. Nxb3 Rxb3 42. Rf5 Rc3 43. Ke2 Rxc4 44. Rxe5 Kf6 45. Rf5+ Ke6 46. Kd3
Rc3+ 47. Kd2 Rc4 48. Kd3 Rc3+ 49. Kd2 Kd6 50. a6 Ra3 51. Rf7 Ke5 52. Rxa7 Kxe4
53. Kc2 Kd5 54. Ra8 Kc6 55. a7 Kb7 56. Rb8+ Kxa7 57. Rb5 Rc3+ 58. Kb2 Ka6 59.
Rb8 Ka5 60. Rb7 Ka4 61. Rb8 Rh3 0-1

[Event "Kup SS CS 2014"]
[Site "?"]
[Date "2014.05.03"]
[Round "7.9"]
[White "Milosevic, Aleksandar"]
[Black "Savic, Dragan"]
[Result "1-0"]
[WhiteElo "2308"]
[BlackElo "2069"]
[PlyCount "79"]
[EventDate "2014.03.23"]

1. Nf3 d5 2. d4 Nf6 3. c4 c6 4. cxd5 cxd5 5. Nc3 g6 6. Bf4 Nbd7 7. Qb3 Qb6 8.
Nb5 e5 9. Nxe5 Nxe5 10. Bxe5 Qa5+ 11. Nc3 Be7 12. e3 O-O 13. Bxf6 Bxf6 14. Qxd5
Qb6 15. Qb5 Qd8 16. Qb3 Re8 17. Bc4 Be6 18. O-O Rc8 19. Bxe6 Rxe6 20. Rac1 Rb6
21. Qc2 Be7 22. Qe2 Qd7 23. Rfd1 Kg7 24. e4 Bg5 25. Rb1 Re8 26. g3 Rd6 27. Qb5
Qxb5 28. Nxb5 Rd7 29. f4 Bd8 30. e5 Bb6 31. Nd6 Rb8 32. Rbc1 Bc7 33. Nb5 Bb6
34. Rc4 a6 35. Nd6 f6 36. Kg2 f5 37. Rdc1 Ba7 38. Kf3 b5 39. Rc6 Rb6 40. d5 1-0

[Event "Kup SS CS 2014"]
[Site "?"]
[Date "2014.05.03"]
[Round "7.10"]
[White "Cicvaric, Dragos"]
[Black "Floricelovic, Milos"]
[Result "0-1"]
[WhiteElo "2153"]
[BlackElo "2041"]
[PlyCount "42"]
[EventDate "2014.03.23"]

1. d4 d5 2. Nf3 e6 3. e3 f5 4. c4 Nf6 5. Nc3 c6 6. Bd3 Bd6 7. O-O O-O 8. c5 Bc7
9. a3 b6 10. b4 a5 11. Rb1 Nbd7 12. Ng5 Bxh2+ 13. Kh1 Ng4 14. f4 axb4 15. axb4
bxc5 16. bxc5 h6 17. Nh3 Qh4 18. Qf3 Ndf6 19. Bd2 Ra3 20. Qe2 Bxf4 21. exf4 Qg3
0-1

[Event "Kup SS CS 2014"]
[Site "?"]
[Date "2014.05.03"]
[Round "7.10"]
[White "Dragic, Vladimir"]
[Black "Minic, Miroslav"]
[Result "0-1"]
[WhiteElo "2136"]
[BlackElo "2059"]
[PlyCount "90"]
[EventDate "2014.03.23"]

1. d4 d6 2. e4 e5 3. dxe5 dxe5 4. Qxd8+ Kxd8 5. Bc4 f6 6. Nc3 c6 7. a4 b6 8.
Be3 Ba6 9. O-O-O+ Kc7 10. Be6 Bb4 11. Na2 Bd6 12. Rd2 Ne7 13. Nf3 Bc8 14. Bc4
Nd7 15. Rhd1 Bc5 16. Be6 Bxe3 17. fxe3 Nb8 18. Bc4 a6 19. Bb3 Nd7 20. Be6 Nb8
21. Bxc8 Kxc8 22. b4 Ra7 23. c4 Rd7 24. Nc3 Rhd8 25. Kc2 Kc7 26. Rxd7+ Rxd7 27.
Rxd7+ Nxd7 28. Kd3 a5 29. b5 Nc5+ 30. Kc2 Nc8 31. Nd2 Nd6 32. g3 Kd7 33. g4 Kc7
34. h4 h6 35. Kd1 Nd3 36. Ne2 Nb2+ 37. Kc2 Nxa4 38. bxc6 Kxc6 39. Ng3 Nc5 40.
Nh5 Ne8 41. Kc3 b5 42. cxb5+ Kxb5 43. Ng3 Nd6 44. Nh5 Ncxe4+ 45. Nxe4 Nxe4+ 0-1

[Event "Kup SS CS 2014"]
[Site "?"]
[Date "2014.05.03"]
[Round "7.10"]
[White "Zivkovic, Nikola S"]
[Black "Matovic, Mihailo"]
[Result "1/2-1/2"]
[WhiteElo "1632"]
[BlackElo "1885"]
[PlyCount "61"]
[EventDate "2014.03.23"]

1. c4 e6 2. Nc3 c6 3. d4 d5 4. Nf3 Nf6 5. g3 Bd6 6. cxd5 exd5 7. Bg2 O-O 8. O-O
Re8 9. Qc2 g6 10. Bg5 Kg7 11. Qc1 Nbd7 12. Bh6+ Kg8 13. Bf4 Nf8 14. Be5 Ng4 15.
Bxd6 Qxd6 16. h3 Nf6 17. Ne5 Kg7 18. Qf4 N8d7 19. Nxg6 Qxf4 20. Nxf4 Nb6 21.
Rfe1 Nc4 22. b3 Nd6 23. e3 Bf5 24. g4 Bg6 25. Nxg6 hxg6 26. f3 Re7 27. Re2 Rae8
28. Rae1 Nb5 29. Nxb5 cxb5 30. Kf2 Rc7 31. e4 1/2-1/2

[Event "Kup SS CS 2014"]
[Site "?"]
[Date "2014.05.03"]
[Round "7.11"]
[White "Gajic, Branko"]
[Black "Bojovic, Dusan"]
[Result "0-1"]
[WhiteElo "2168"]
[BlackElo "2284"]
[PlyCount "63"]
[EventDate "2014.03.23"]

1. e4 c5 2. Nf3 e6 3. d4 cxd4 4. Nxd4 a6 5. c4 Nf6 6. Nc3 Bb4 7. Bd3 Qc7 8. O-O
b6 9. Nc2 Bd6 10. f4 h5 11. Kh1 Ng4 12. e5 Bc5 13. Ne4 Bb7 14. Qe2 Be7 15. b3
Nc6 16. a4 f5 17. Nd6+ Bxd6 18. exd6 Qd8 19. Be3 Kf7 20. Bg1 h4 21. h3 Nf6 22.
Qf2 Nh5 23. Rfe1 g5 24. Bh2 gxf4 25. Bxf4 Qf6 26. Bh2 Rag8 27. Ne3 Rg6 28. Ra2
Ng3+ 29. Kg1 Nd4 30. Rd2 Nf3+ 31. gxf3 Ne4+ 32. Ng4 0-1

[Event "Kup SS CS 2014"]
[Site "?"]
[Date "2014.05.03"]
[Round "7.11"]
[White "Toth, Aleksandar"]
[Black "Cabarkapa, Mijomir"]
[Result "1-0"]
[WhiteElo "2306"]
[BlackElo "2184"]
[PlyCount "83"]
[EventDate "2014.03.23"]

1. e4 e6 2. d3 d5 3. Nd2 c5 4. Ngf3 Nc6 5. g3 Nf6 6. Bg2 Be7 7. O-O O-O 8. Re1
Qc7 9. e5 Nd7 10. Qe2 Re8 11. Nf1 Nf8 12. h4 b6 13. h5 Ba6 14. h6 g6 15. N1h2
Nd7 16. c3 Rac8 17. Ng4 Qd8 18. Bf4 b5 19. Qd2 b4 20. Rad1 c4 21. d4 Rb8 22.
Bg5 Bxg5 23. Nxg5 Qe7 24. Re2 bxc3 25. bxc3 Rb5 26. Qf4 Reb8 27. Rde1 Nd8 28.
Nf6+ Nxf6 29. exf6 Qd7 30. Bh3 Rb1 31. Rxb1 Rxb1+ 32. Kh2 Rb6 33. Nf3 Bc8 34.
Ne5 Qd6 35. Bg2 Nb7 36. g4 Rb1 37. g5 Bd7 38. Kg3 Ba4 39. Bh3 Be8 40. Kg2 Qb6
41. Nxg6 hxg6 42. h7+ 1-0

[Event "Kup SS CS 2014"]
[Site "?"]
[Date "2014.05.03"]
[Round "7.11"]
[White "Jocovic, Slobodan"]
[Black "Jovanovic, Obrad"]
[Result "1-0"]
[WhiteElo "2055"]
[BlackElo "2128"]
[PlyCount "85"]
[EventDate "2014.03.23"]

1. d4 c5 2. dxc5 e6 3. Nc3 Bxc5 4. Ne4 Qc7 5. Nxc5 Qxc5 6. Nf3 d5 7. c3 b6 8.
Qd4 Nf6 9. b4 Qe7 10. Ne5 h6 11. a4 O-O 12. h4 Bb7 13. g4 Nfd7 14. Bg2 Nxe5 15.
Qxe5 Nd7 16. Qg3 Rac8 17. Bd2 Rc4 18. f4 Ba8 19. e3 f5 20. g5 h5 21. Bf3 g6 22.
O-O Rfc8 23. Be2 R4c7 24. Bb5 Bc6 25. Ba6 Bb7 26. Bb5 Bc6 27. Ba6 Re8 28. Bd3
Qd6 29. Qf2 Rec8 30. a5 b5 31. Rad1 a6 32. Bb1 Bb7 33. Ba2 Rxc3 34. Bxc3 Rxc3
35. Qd2 Qc6 36. Qd4 Qc7 37. Rd3 Rc6 38. Bxd5 Rd6 39. Bxe6+ Rxe6 40. Qxd7 Qxd7
41. Rxd7 Bc6 42. Rc7 Bd5 43. Rd1 1-0

[Event "Kup SS CS 2014"]
[Site "?"]
[Date "2014.05.03"]
[Round "7.11"]
[White "Djukic, Sasa"]
[Black "Jovcic, Zoran"]
[Result "1/2-1/2"]
[WhiteElo "1988"]
[BlackElo "2117"]
[PlyCount "137"]
[EventDate "2014.03.23"]

1. d4 Nf6 2. Bg5 Ne4 3. h4 h6 4. Bf4 d5 5. Nd2 Nxd2 6. Qxd2 c6 7. e3 Bf5 8. Bd3
Bxd3 9. Qxd3 e6 10. Nf3 Be7 11. g4 Nd7 12. O-O-O Qa5 13. Kb1 c5 14. c4 dxc4 15.
Qxc4 Nb6 16. Qc2 Rc8 17. Qd2 Qb5 18. dxc5 Rxc5 19. Nd4 Qd7 20. Nb3 Rd5 21. Qc2
O-O 22. e4 Rc8 23. Qe2 Rxd1+ 24. Rxd1 Qa4 25. g5 h5 26. Rd4 Rc4 27. Rxc4 Nxc4
28. Nd2 Nxd2+ 29. Bxd2 b5 30. b3 Qd4 31. Qe3 Bc5 32. Qxd4 Bxd4 33. Be1 Kf8 34.
Kc2 Ke7 35. Kd3 Bc5 36. f3 Kd6 37. Bg3+ Kc6 38. Kc3 a6 39. Kd3 Bg1 40. Be1 g6
41. Bg3 Kc5 42. Be1 Bh2 43. Bf2+ Kd6 44. Kd4 Bf4 45. Kd3 Be5 46. Be1 f6 47.
gxf6 Bxf6 48. f4 Bd8 49. Kd4 Bb6+ 50. Kd3 Ba7 51. Bg3 Ke7 52. Be1 Bb6 53. Bb4+
Kf7 54. Be1 Bc5 55. Bg3 Kf6 56. Be1 Ke7 57. Bg3 Bg1 58. Be1 Kd6 59. Bb4+ Kc6
60. Be1 Kc5 61. Bg3 Kb4 62. Kc2 Be3 63. Kd3 Bg1 64. Kc2 Kc5 65. Kd3 a5 66. Be1
a4 67. b4+ Kc6 68. a3 Bb6 69. Bg3 1/2-1/2